000 01256nam a2200217Ia 4500
003 Ost
005 20260507075257.0
008 260507s9999||||xx |||||||||||||| ||und||
020 _a1784779957
040 _cfsecg
041 _aara
082 _a330
100 _aأحمد أبو العز، علي محمد
_eمؤلف
245 0 _aالتجارة الالكترونية و أحكامها في الفقه الاسلامي /
_c علي محمد أحمد أبو العز
260 _aعمان:
_bالنفائس,
_c2007
300 _a374 صفحة؛
_c24 سم
520 _aالتجارة الالكترونية : مفهومها و تكييفها الفقهي و أهميتها و خصائصها و مزاياها و أشكالها وواقعها و مخاطرها و معوقاته و حكمها و مقاصد الشريعة فيها ، عقد التجارة الالكترونية : مفهومه و أركانه و زمانه و مكانه و الآثار المترتبة عليه ، وسائل إثبات عقد التجارة الالكترونية و حكم إثبات هذا العقد عبر الانترنيت .
653 _aالإقتصاد الإسلامي
653 _aالتجارة ــ الفقه الاسلامي
942 _cكتاب
999 _c43759
_d43759